000
00213 a2200097 4500
001
30725
100
_a
Aitchison, L
245
_a
The story of metals
260
_a
England
_b
Ladybird Bks
_c
090
_c
20657
_d
20657
942
_a
NUST-CAE
_c
M
_c
11844
999
_c
265798
_d
265798